000
00304nam a2200133Ia 4500
100
_a
Dhake A.M.
650
_a
Electrical Engineering
942
_c
BK
654
_a
television
245
_a
Television & Video engineering
260
_b
Tata Mc Graw hill
_a
New Delhi
300
_a
640
546
_a
ENGLISH
999
_c
32469
_d
32469